[Event "U14 Polish Youth Championship"]
[Site "chess24.com"]
[Date "2018.04.30"]
[Round "3"]
[White "Grzesik, Gracjan"]
[Black "Paprocki, Stanislaw"]
[Result "0-1"]
[Board "5"]
[WhiteElo "1884"]
[WhiteCountry "POL"]
[WhiteFideId "1194593"]
[WhiteEloChange "-14"]
[BlackElo "1748"]
[BlackCountry "POL"]
[BlackFideId "21817294"]
[BlackEloChange "14"]

1. c4 {[%clk 1:30:30]} Nf6 {[%clk 1:30:30]} 2. Nc3 {[%clk 1:30:30]} g6 {[%clk
1:30:30]} 3. g3 {[%clk 1:30:30]} Bg7 {[%clk 1:30:30]} 4. Bg2 {[%clk 1:30:30]} O-O
{[%clk 1:30:30]} 5. e4 {[%clk 1:30:30]} e5 {[%clk 1:30:30]} 6. Nge2 {[%clk
1:30:30]} d6 {[%clk 1:30:30]} 7. O-O {[%clk 1:30:30]} c6 {[%clk 1:30:30]} 8. d3
{[%clk 1:30:30]} Ng4 {[%clk 1:30:30]} 9. h3 {[%clk 1:30:30]} Nh6 {[%clk 1:30:30]}
10. Be3 {[%clk 1:30:30]} f5 {[%clk 1:30:30]} 11. Qd2 {[%clk 1:30:30]} Nf7 {[%clk
1:30:30]} 12. Rad1 {[%clk 1:30:30]} Be6 {[%clk 1:30:30]} 13. b3 {[%clk 1:30:30]}
Qc7 {[%clk 1:30:30]} 14. d4 {[%clk 1:30:30]} Na6 {[%clk 1:30:30]} 15. Rc1 {[%clk
1:30:30]} Rad8 {[%clk 1:30:30]} 16. Rfd1 {[%clk 1:30:30]} Qe7 {[%clk 1:30:30]}
17. f4 {[%clk 1:30:30]} fxe4 {[%clk 1:30:30]} 18. Nxe4 {[%clk 1:30:30]} d5 {[%clk
1:30:30]} 19. cxd5 {[%clk 1:30:30]} cxd5 {[%clk 1:30:30]} 20. N4c3 {[%clk
1:30:30]} e4 {[%clk 1:30:30]} 21. Na4 {[%clk 1:30:30]} Nd6 {[%clk 1:30:30]} 22.
Nc5 {[%clk 1:30:30]} Nxc5 {[%clk 1:30:30]} 23. Rxc5 {[%clk 1:30:30]} Nf5 {[%clk
1:30:30]} 24. Rdc1 {[%clk 1:30:30]} Rc8 {[%clk 1:30:30]} 25. Rxc8 {[%clk
1:30:30]} Rxc8 {[%clk 1:30:30]} 26. Rxc8+ {[%clk 1:30:30]} Bxc8 {[%clk 1:30:30]}
27. Kf2 {[%clk 1:30:30]} Qc7 {[%clk 1:30:30]} 28. Qc3 {[%clk 1:30:30]} Qxc3
{[%clk 1:30:30]} 29. Nxc3 {[%clk 1:30:30]} Ne7 {[%clk 1:30:30]} 30. Ke1 {[%clk
1:30:30]} Kf7 {[%clk 1:30:30]} 31. Kf2 {[%clk 1:30:30]} Ke6 {[%clk 1:30:30]} 32.
Bf1 {[%clk 1:30:30]} Nc6 {[%clk 1:30:30]} 33. Ne2 {[%clk 1:30:30]} b6 {[%clk
1:30:30]} 34. g4 {[%clk 1:30:30]} Kd6 {[%clk 1:30:30]} 35. Ke1 {[%clk 1:30:30]}
Ba6 {[%clk 1:30:30]} 36. Kd2 {[%clk 1:30:30]} Bxe2 {[%clk 1:30:30]} 37. Bxe2
{[%clk 1:30:30]} Bxd4 {[%clk 1:30:30]} 38. Bb5 {[%clk 1:30:30]} Bxe3+ {[%clk
1:30:30]} 39. Kxe3 {[%clk 1:30:30]} Nb4 {[%clk 1:30:30]} 40. a3 {[%clk 1:30:30]}
Nc2+ {[%clk 1:30:30]} 41. Kd2 {[%clk 1:30:30]} Nxa3 {[%clk 1:30:30]} 42. Be8
{[%clk 1:30:30]} d4 {[%clk 1:30:30]} 43. h4 {[%clk 1:30:30]} Nb1+ {[%clk
1:30:30]} 44. Kc2 {[%clk 1:30:30]} Nc3 {[%clk 1:30:30]} 45. Kd2 {[%clk 1:30:30]}
Ke7 {[%clk 1:30:30]} 46. Bc6 {[%clk 1:30:30]} a5 {[%clk 1:30:30]} 47. Bb7 {[%clk
1:30:30]} b5 {[%clk 1:30:30]} 48. g5 {[%clk 1:30:30]} a4 {[%clk 1:30:30]} 49.
bxa4 {[%clk 1:30:30]} bxa4 {[%clk 1:30:30]} 50. Kc2 {[%clk 1:30:30]} a3 {[%clk
1:30:30]} 51. Ba6 {[%clk 1:30:30]} a2 {[%clk 1:30:30]} 52. Kb2 {[%clk 1:30:30]}
d3 {[%clk 1:30:30]} 53. Bc4 {[%clk 1:30:30]} d2 {[%clk 1:30:30]} 54. Bb3 {[%clk
1:30:30]} e3 {[%clk 1:30:30]} 55. Ka1 {[%clk 1:30:30]} e2 {[%clk 1:30:30]} 0-1

[Event "U14 Polish Youth Championship"]
[Site "chess24.com"]
[Date "2018.04.30"]
[Round "3"]
[White "Wysocki, Mateusz"]
[Black "Skurniak, Szymon"]
[Result "1/2-1/2"]
[Board "6"]
[WhiteElo "1626"]
[WhiteCountry "POL"]
[WhiteFideId "21810621"]
[WhiteEloChange "5"]
[BlackElo "1821"]
[BlackCountry "POL"]
[BlackFideId "21805571"]
[BlackEloChange "-5"]

1. Nf3 {[%clk 1:30:45]} c5 {[%clk 1:29:39]} 2. g3 {[%clk 1:31:08]} g6 {[%clk
1:29:48]} 3. Bg2 {[%clk 1:31:30]} Bg7 {[%clk 1:30:15]} 4. O-O {[%clk 1:31:52]} e6
{[%clk 1:30:35]} 5. d3 {[%clk 1:32:15]} Nc6 {[%clk 1:30:53]} 6. e4 {[%clk
1:31:57]} Nge7 {[%clk 1:30:57]} 7. Re1 {[%clk 1:30:19]} d6 {[%clk 1:29:51]} 8. c3
{[%clk 1:30:34]} e5 {[%clk 1:29:05]} 9. Be3 {[%clk 1:30:12]} O-O {[%clk 1:26:31]}
10. Qd2 {[%clk 1:21:19]} Re8 {[%clk 1:22:38]} 11. Na3 {[%clk 1:20:00]} b6 {[%clk
1:22:09]} 12. Nc2 {[%clk 1:19:44]} Bb7 {[%clk 1:20:20]} 13. d4 {[%clk 1:13:14]}
cxd4 {[%clk 1:10:00]} 14. cxd4 {[%clk 1:13:20]} d5 {[%clk 1:08:25]} 15. exd5
{[%clk 1:06:10]} Nxd5 {[%clk 1:07:20]} 16. Nxe5 {[%clk 1:02:23]} Nxe5 {[%clk
1:02:04]} 17. dxe5 {[%clk 1:02:11]} Nxe3 {[%clk 1:00:34]} 18. Qxe3 {[%clk
0:58:21]} Bxg2 {[%clk 1:00:55]} 19. Kxg2 {[%clk 0:58:42]} Bxe5 {[%clk 0:57:11]}
20. Rad1 {[%clk 0:55:12]} Qc8 {[%clk 0:52:30]} 21. Nd4 {[%clk 0:46:26]} Bg7
{[%clk 0:42:12]} 22. Qxe8+ {[%clk 0:42:21]} Qxe8 {[%clk 0:42:41]} 23. Rxe8+
{[%clk 0:42:49]} Rxe8 {[%clk 0:43:10]} 24. Nb5 {[%clk 0:40:38]} Re2 {[%clk
0:40:08]} 25. Rd8+ {[%clk 0:38:07]} Bf8 {[%clk 0:40:25]} 26. Nxa7 {[%clk
0:37:58]} Rxb2 {[%clk 0:40:25]} 27. a4 {[%clk 0:33:11]} Rb4 {[%clk 0:36:50]} 28.
Nc8 {[%clk 0:33:01]} Kg7 {[%clk 0:35:27]} 29. Rd5 {[%clk 0:31:00]} Rb2 {[%clk
0:28:29]} 30. a5 {[%clk 0:26:52]} bxa5 {[%clk 0:28:42]} 31. Rxa5 {[%clk 0:27:15]}
Rc2 {[%clk 0:28:46]} 32. Nb6 {[%clk 0:25:10]} Bc5 {[%clk 0:29:07]} 33. Nd5 {[%clk
0:25:24]} Bxf2 {[%clk 0:28:47]} 34. Kh1 {[%clk 0:25:07]} h6 {[%clk 0:24:06]} 35.
Nf4 {[%clk 0:24:11]} Be3 {[%clk 0:21:38]} 36. Nd5 {[%clk 0:23:10]} Bd4 {[%clk
0:21:12]} 37. Ra4 {[%clk 0:22:45]} Rd2 {[%clk 0:21:03]} 38. Rc4 {[%clk 0:14:31]}
g5 {[%clk 0:18:34]} 39. h3 {[%clk 0:14:16]} Bf2 {[%clk 0:17:18]} 40. Ne7 {[%clk
0:13:18]} Kf6 {[%clk 0:16:30]} 41. Ng8+ {[%clk 0:13:18]} Kg7 {[%clk 0:11:59]} 42.
Ne7 {[%clk 0:13:46]} Re2 {[%clk 0:11:59]} 43. Nf5+ {[%clk 0:13:46]} Kg6 {[%clk
0:11:59]} 44. g4 {[%clk 0:13:46]} 1/2-1/2

[Event "U14 Polish Youth Championship"]
[Site "chess24.com"]
[Date "2018.04.30"]
[Round "3"]
[White "Majewski, Krzysztof"]
[Black "Poltorak, Sebastian"]
[Result "1/2-1/2"]
[Board "7"]
[WhiteElo "1555"]
[WhiteCountry "POL"]
[WhiteFideId "21800456"]
[WhiteEloChange "4"]
[BlackElo "1705"]
[BlackCountry "POL"]
[BlackFideId "1199498"]
[BlackEloChange "-4"]

1. e4 {[%clk 1:30:57]} c6 {[%clk 1:30:57]} 2. d4 {[%clk 1:31:22]} d5 {[%clk
1:31:25]} 3. exd5 {[%clk 1:31:49]} cxd5 {[%clk 1:31:50]} 4. c4 {[%clk 1:32:15]}
Nf6 {[%clk 1:32:14]} 5. Nc3 {[%clk 1:32:36]} Nc6 {[%clk 1:32:22]} 6. Be3 {[%clk
1:32:39]} Bg4 {[%clk 1:30:54]} 7. Be2 {[%clk 1:30:46]} Bxe2 {[%clk 1:29:58]} 8.
Ngxe2 {[%clk 1:31:10]} e6 {[%clk 1:24:00]} 9. O-O {[%clk 1:31:05]} dxc4 {[%clk
1:23:21]} 10. Qa4 {[%clk 1:29:15]} Be7 {[%clk 1:21:25]} 11. Qxc4 {[%clk 1:28:54]}
O-O {[%clk 1:21:19]} 12. a3 {[%clk 1:28:23]} Rc8 {[%clk 1:20:31]} 13. Qa2 {[%clk
1:27:48]} Bd6 {[%clk 1:20:01]} 14. b4 {[%clk 1:27:26]} Ne7 {[%clk 1:19:44]} 15.
Bg5 {[%clk 1:26:31]} Nf5 {[%clk 1:17:40]} 16. Ne4 {[%clk 1:24:20]} Be7 {[%clk
1:17:12]} 17. Bxf6 {[%clk 1:24:30]} Bxf6 {[%clk 1:17:36]} 18. Nxf6+ {[%clk
1:24:56]} Qxf6 {[%clk 1:18:00]} 19. Qb2 {[%clk 1:22:11]} Rfd8 {[%clk 1:16:04]}
20. Rfd1 {[%clk 1:22:27]} h6 {[%clk 1:15:04]} 21. Rd2 {[%clk 1:21:02]} Rc4 {[%clk
1:15:11]} 22. Rad1 {[%clk 1:21:23]} b5 {[%clk 1:14:31]} 23. h3 {[%clk 1:21:44]}
Rd7 {[%clk 1:10:31]} 24. Rd3 {[%clk 1:17:17]} Rdc7 {[%clk 1:05:09]} 25. R3d2
{[%clk 1:11:38]} Ne7 {[%clk 1:01:49]} 26. Rc1 {[%clk 1:10:57]} Rxc1+ {[%clk
0:54:47]} 27. Nxc1 {[%clk 1:11:22]} Nf5 {[%clk 0:51:10]} 28. Nb3 {[%clk 1:10:39]}
Rc4 {[%clk 0:50:11]} 29. Kh1 {[%clk 1:09:22]} Qd8 {[%clk 0:45:57]} 30. Qb1 {[%clk
0:58:27]} Qd5 {[%clk 0:34:31]} 31. Qd3 {[%clk 0:58:16]} Nh4 {[%clk 0:34:25]} 32.
Qg3 {[%clk 0:52:36]} Rc3 {[%clk 0:34:07]} 33. Qxh4 {[%clk 0:52:54]} Rxb3 {[%clk
0:33:50]} 34. Rc2 {[%clk 0:53:01]} Rxa3 {[%clk 0:32:47]} 35. Rc5 {[%clk 0:51:48]}
Ra1+ {[%clk 0:31:02]} 36. Kh2 {[%clk 0:52:10]} Qd6+ {[%clk 0:31:19]} 37. g3
{[%clk 0:50:41]} Qd7 {[%clk 0:24:31]} 38. Qe4 {[%clk 0:50:10]} Ra6 {[%clk
0:22:50]} 39. d5 {[%clk 0:48:24]} exd5 {[%clk 0:20:15]} 40. Rxd5 {[%clk 0:48:45]}
Rd6 {[%clk 0:19:19]} 41. Rxd6 {[%clk 0:48:46]} Qxd6 {[%clk 0:19:45]} 42. Qe8+
{[%clk 0:49:11]} Kh7 {[%clk 0:20:04]} 43. Qxb5 {[%clk 0:49:38]} 1/2-1/2

[Event "U14 Polish Youth Championship"]
[Site "chess24.com"]
[Date "2018.04.30"]
[Round "3"]
[White "Luczak, Filip"]
[Black "Haliniak, Wojciech"]
[Result "1-0"]
[Board "8"]
[WhiteElo "2126"]
[WhiteTitle "CM"]
[WhiteCountry "POL"]
[WhiteFideId "1193686"]
[WhiteEloChange "2"]
[BlackElo "1614"]
[BlackCountry "POL"]
[BlackFideId "21838461"]
[BlackEloChange "-2"]

1. e4 {[%clk 1:30:59]} Nf6 {[%clk 1:30:56]} 2. e5 {[%clk 1:31:25]} Nd5 {[%clk
1:31:23]} 3. d4 {[%clk 1:31:53]} d6 {[%clk 1:31:46]} 4. Nf3 {[%clk 1:32:18]} Bg4
{[%clk 1:31:58]} 5. Be2 {[%clk 1:32:46]} Nc6 {[%clk 1:31:30]} 6. O-O {[%clk
1:33:07]} e6 {[%clk 1:25:07]} 7. c4 {[%clk 1:32:59]} Nb6 {[%clk 1:25:32]} 8. exd6
{[%clk 1:33:18]} cxd6 {[%clk 1:25:43]} 9. d5 {[%clk 1:33:31]} Bxf3 {[%clk
1:20:01]} 10. Bxf3 {[%clk 1:33:59]} exd5 {[%clk 1:20:15]} 11. cxd5 {[%clk
1:34:28]} Ne5 {[%clk 1:19:54]} 12. Be2 {[%clk 1:32:27]} Be7 {[%clk 1:15:41]} 13.
Nc3 {[%clk 1:31:33]} O-O {[%clk 1:14:40]} 14. b3 {[%clk 1:22:50]} f5 {[%clk
1:08:15]} 15. f4 {[%clk 1:10:51]} Ned7 {[%clk 1:07:34]} 16. Be3 {[%clk 1:03:36]}
Bf6 {[%clk 1:01:30]} 17. Bd4 {[%clk 1:00:22]} Re8 {[%clk 0:54:16]} 18. Bf3 {[%clk
0:58:19]} Bxd4+ {[%clk 0:47:55]} 19. Qxd4 {[%clk 0:58:46]} Nf6 {[%clk 0:47:58]}
20. Rfe1 {[%clk 0:47:48]} Qd7 {[%clk 0:39:07]} 21. a4 {[%clk 0:46:31]} Rxe1+
{[%clk 0:37:21]} 22. Rxe1 {[%clk 0:46:27]} Re8 {[%clk 0:37:34]} 23. Rc1 {[%clk
0:36:42]} Qc7 {[%clk 0:31:04]} 24. h3 {[%clk 0:30:37]} a5 {[%clk 0:24:58]} 25.
Rd1 {[%clk 0:27:02]} Nbd7 {[%clk 0:22:03]} 26. Nb5 {[%clk 0:26:44]} Qb8 {[%clk
0:21:35]} 27. Qc3 {[%clk 0:21:41]} Nc5 {[%clk 0:18:01]} 28. Qxa5 {[%clk 0:17:35]}
Nxb3 {[%clk 0:17:33]} 29. Qb6 {[%clk 0:17:34]} Rd8 {[%clk 0:12:33]} 30. Nxd6
{[%clk 0:08:43]} Qxd6 {[%clk 0:12:39]} 31. Qxb3 {[%clk 0:09:12]} Qxf4 {[%clk
0:12:36]} 32. d6+ {[%clk 0:08:59]} Kf8 {[%clk 0:12:29]} 33. Qxb7 {[%clk 0:05:06]}
Rxd6 {[%clk 0:11:08]} 34. Qb8+ {[%clk 0:05:12]} Ne8 {[%clk 0:09:52]} 35. Rxd6
{[%clk 0:02:53]} Qxd6 {[%clk 0:10:20]} 36. Qxd6+ {[%clk 0:03:19]} Nxd6 {[%clk
0:10:44]} 37. a5 {[%clk 0:03:10]} Nb5 {[%clk 0:10:52]} 38. Be2 {[%clk 0:03:02]}
Na7 {[%clk 0:10:13]} 39. Kf2 {[%clk 0:03:09]} Ke7 {[%clk 0:10:04]} 40. Ke3 {[%clk
0:03:00]} Kf6 {[%clk 0:09:31]} 41. Kd3 {[%clk 0:01:33]} Ke5 {[%clk 0:09:38]} 42.
Kc4 {[%clk 0:01:30]} Kd6 {[%clk 0:09:23]} 43. Bf3 {[%clk 0:01:39]} g5 {[%clk
0:07:49]} 44. a6 {[%clk 0:01:29]} h6 {[%clk 0:06:42]} 45. Kb4 {[%clk 0:01:36]} f4
{[%clk 0:05:54]} 46. Kc4 {[%clk 0:02:03]} Nc6 {[%clk 0:02:36]} 47. Kb5 {[%clk
0:00:58]} Nd4+ {[%clk 0:02:10]} 48. Kb6 {[%clk 0:01:24]} Nxf3 {[%clk 0:02:29]}
49. gxf3 {[%clk 0:01:50]} h5 {[%clk 0:02:29]} 50. a7 {[%clk 0:02:19]} g4 {[%clk
0:02:38]} 51. fxg4 {[%clk 0:02:32]} 1-0

[Event "U14 Polish Youth Championship"]
[Site "chess24.com"]
[Date "2018.04.30"]
[Round "3"]
[White "Ochedzan, Tymon"]
[Black "Oleksy, Krzysztof"]
[Result "1/2-1/2"]
[Board "9"]
[WhiteElo "2047"]
[WhiteTitle "CM"]
[WhiteCountry "POL"]
[WhiteFideId "21810389"]
[WhiteEloChange "-7"]
[BlackElo "1746"]
[BlackCountry "POL"]
[BlackFideId "1194879"]
[BlackEloChange "7"]

1. e4 {[%clk 1:30:57]} e5 {[%clk 1:30:57]} 2. Nf3 {[%clk 1:31:21]} Nc6 {[%clk
1:31:23]} 3. Bb5 {[%clk 1:31:42]} a6 {[%clk 1:31:48]} 4. Ba4 {[%clk 1:31:52]} Nf6
{[%clk 1:32:08]} 5. O-O {[%clk 1:31:34]} Nxe4 {[%clk 1:32:27]} 6. d4 {[%clk
1:26:51]} exd4 {[%clk 1:32:23]} 7. Re1 {[%clk 1:23:25]} d5 {[%clk 1:32:26]} 8.
Nxd4 {[%clk 1:16:06]} Bd6 {[%clk 1:32:07]} 9. g3 {[%clk 1:10:44]} Qf6 {[%clk
1:29:18]} 10. Bxc6+ {[%clk 1:07:31]} bxc6 {[%clk 1:28:39]} 11. f3 {[%clk
1:04:58]} Be5 {[%clk 1:25:56]} 12. c3 {[%clk 1:02:52]} Bg4 {[%clk 1:10:50]} 13.
fxg4 {[%clk 1:00:58]} Qf2+ {[%clk 1:10:43]} 14. Kh1 {[%clk 1:01:23]} h5 {[%clk
1:10:03]} 15. Rxe4 {[%clk 0:36:14]} dxe4 {[%clk 1:07:20]} 16. Qg1 {[%clk
0:29:10]} Bxd4 {[%clk 1:00:17]} 17. cxd4 {[%clk 0:29:28]} Qxg1+ {[%clk 0:59:17]}
18. Kxg1 {[%clk 0:29:53]} O-O-O {[%clk 0:59:36]} 19. Nc3 {[%clk 0:26:56]} Rxd4
{[%clk 0:58:17]} 20. gxh5 {[%clk 0:26:29]} Rxh5 {[%clk 0:54:24]} 21. Be3 {[%clk
0:24:19]} Rd3 {[%clk 0:49:44]} 22. Re1 {[%clk 0:24:36]} f5 {[%clk 0:49:15]} 23.
Kg2 {[%clk 0:24:00]} Rh8 {[%clk 0:47:47]} 24. Na4 {[%clk 0:21:20]} a5 {[%clk
0:41:12]} 25. Nc5 {[%clk 0:21:41]} Rd5 {[%clk 0:41:32]} 26. Re2 {[%clk 0:19:51]}
Rg8 {[%clk 0:40:50]} 27. h4 {[%clk 0:19:12]} Re8 {[%clk 0:39:38]} 28. Kh3 {[%clk
0:17:20]} g6 {[%clk 0:37:52]} 29. Kg2 {[%clk 0:16:20]} Ree5 {[%clk 0:33:06]} 30.
Rc2 {[%clk 0:16:07]} Re7 {[%clk 0:23:20]} 31. Kf2 {[%clk 0:16:22]} Ree5 {[%clk
0:20:39]} 32. Na6 {[%clk 0:14:27]} Kb7 {[%clk 0:20:20]} 33. Nc5+ {[%clk 0:14:48]}
Kc8 {[%clk 0:20:27]} 34. Ke2 {[%clk 0:13:52]} Kb8 {[%clk 0:19:11]} 35. Rc3 {[%clk
0:14:06]} Kc8 {[%clk 0:19:14]} 36. Kf2 {[%clk 0:13:19]} Kb8 {[%clk 0:17:01]} 37.
Ke2 {[%clk 0:13:03]} Kc8 {[%clk 0:17:14]} 38. a3 {[%clk 0:13:20]} f4 {[%clk
0:10:59]} 39. gxf4 {[%clk 0:12:53]} Rh5 {[%clk 0:11:14]} 40. Nxe4 {[%clk
0:12:03]} Rxh4 {[%clk 0:11:34]} 41. Rxc6 {[%clk 0:10:42]} Rh2+ {[%clk 0:10:57]}
42. Nf2 {[%clk 0:09:26]} Rb5 {[%clk 0:09:37]} 43. Bd4 {[%clk 0:09:24]} g5 {[%clk
0:09:21]} 44. fxg5 {[%clk 0:09:11]} Rxg5 {[%clk 0:08:56]} 45. Rc5 {[%clk
0:08:27]} Rxc5 {[%clk 0:07:53]} 46. Bxc5 {[%clk 0:08:54]} Kb7 {[%clk 0:07:46]}
47. Kd3 {[%clk 0:08:40]} Kc6 {[%clk 0:07:42]} 48. Bd4 {[%clk 0:08:52]} Kb5 {[%clk
0:07:08]} 49. Ne4 {[%clk 0:07:06]} Rh3+ {[%clk 0:07:26]} 50. Be3 {[%clk 0:07:06]}
Rh2 {[%clk 0:05:40]} 51. Nc3+ {[%clk 0:07:19]} Ka6 {[%clk 0:04:39]} 52. b3 {[%clk
0:07:36]} Rh1 {[%clk 0:03:34]} 53. Kc4 {[%clk 0:07:31]} c6 {[%clk 0:02:49]} 54.
Kc5 {[%clk 0:07:01]} Kb7 {[%clk 0:03:03]} 55. Bd4 {[%clk 0:06:45]} Rh5+ {[%clk
0:02:59]} 56. Kc4 {[%clk 0:06:59]} Rh4 {[%clk 0:02:30]} 57. Na4 {[%clk 0:06:43]}
Rg4 {[%clk 0:01:22]} 58. Nc5+ {[%clk 0:06:46]} Kc8 {[%clk 0:01:13]} 59. a4 {[%clk
0:07:03]} Rh4 {[%clk 0:01:21]} 60. Nd3 {[%clk 0:04:50]} Kb7 {[%clk 0:01:24]} 61.
Kc5 {[%clk 0:04:43]} Rh3 {[%clk 0:01:23]} 62. Kc4 {[%clk 0:04:57]} Rh4 {[%clk
0:01:48]} 63. Ne5 {[%clk 0:04:58]} Rh3 {[%clk 0:00:46]} 64. Nf7 {[%clk 0:03:33]}
Kc7 {[%clk 0:00:35]} 65. Ng5 {[%clk 0:03:20]} Rh4 {[%clk 0:00:41]} 66. Nf3 {[%clk
0:03:38]} Rh3 {[%clk 0:00:46]} 67. Ne5 {[%clk 0:03:36]} Rh4 {[%clk 0:00:41]} 68.
Kd3 {[%clk 0:02:45]} Rh3+ {[%clk 0:00:41]} 69. Be3 {[%clk 0:03:12]} Rh5 {[%clk
0:00:34]} 70. Nc4 {[%clk 0:03:30]} Kb7 {[%clk 0:00:32]} 71. Ke4 {[%clk 0:02:26]}
Ka6 {[%clk 0:00:35]} 72. Bd2 {[%clk 0:02:28]} Rh4+ {[%clk 0:00:32]} 73. Ke5
{[%clk 0:02:35]} Rh3 {[%clk 0:00:31]} 74. Nxa5 {[%clk 0:02:26]} Rd3 {[%clk
0:00:48]} 75. Nc4 {[%clk 0:00:39]} Rxb3 {[%clk 0:01:00]} 76. a5 {[%clk 0:00:40]}
Rd3 {[%clk 0:00:59]} 77. Be1 {[%clk 0:00:41]} Rd1 {[%clk 0:01:01]} 78. Bc3 {[%clk
0:00:43]} Rd3 {[%clk 0:00:34]} 79. Be1 {[%clk 0:01:07]} Rd1 {[%clk 0:00:59]} 80.
Bb4 {[%clk 0:00:44]} c5 {[%clk 0:00:49]} 81. Bc3 {[%clk 0:00:54]} Rd3 {[%clk
0:01:08]} 82. Be1 {[%clk 0:01:21]} Rd1 {[%clk 0:01:13]} 83. Bf2 {[%clk 0:01:35]}
Rc1 {[%clk 0:01:29]} 84. Nd2 {[%clk 0:01:53]} Rc2 {[%clk 0:01:47]} 85. Be3 {[%clk
0:02:09]} Kxa5 {[%clk 0:01:44]} 1/2-1/2

[Event "U14 Polish Youth Championship"]
[Site "chess24.com"]
[Date "2018.04.30"]
[Round "3"]
[White "Kalkowski, Igor"]
[Black "Redzisz, Michal"]
[Result "0-1"]
[Board "10"]
[WhiteElo "1720"]
[WhiteCountry "POL"]
[WhiteFideId "21833966"]
[WhiteEloChange "-4"]
[BlackElo "1950"]
[BlackCountry "POL"]
[BlackFideId "21816107"]
[BlackEloChange "4"]

1. d4 {[%clk 1:30:54]} Nf6 {[%clk 1:30:57]} 2. Nc3 {[%clk 1:31:13]} d5 {[%clk
1:31:24]} 3. Bg5 {[%clk 1:31:31]} e6 {[%clk 1:29:49]} 4. e4 {[%clk 1:31:45]} dxe4
{[%clk 1:25:54]} 5. Nxe4 {[%clk 1:31:23]} Be7 {[%clk 1:26:17]} 6. Bxf6 {[%clk
1:31:03]} Bxf6 {[%clk 1:26:04]} 7. Nf3 {[%clk 1:30:20]} O-O {[%clk 1:24:14]} 8.
c3 {[%clk 1:29:56]} b6 {[%clk 1:22:28]} 9. Bd3 {[%clk 1:29:28]} Bb7 {[%clk
1:21:46]} 10. Qe2 {[%clk 1:28:48]} Nd7 {[%clk 1:19:57]} 11. O-O-O {[%clk
1:27:30]} Qe7 {[%clk 1:16:25]} 12. g4 {[%clk 1:17:44]} g6 {[%clk 1:16:20]} 13. h4
{[%clk 1:14:50]} e5 {[%clk 1:09:55]} 14. Rh3 {[%clk 1:03:23]} exd4 {[%clk
1:07:59]} 15. Nxf6+ {[%clk 0:52:59]} Qxf6 {[%clk 1:08:21]} 16. Nxd4 {[%clk
0:53:07]} c5 {[%clk 1:04:03]} 17. Nc2 {[%clk 0:44:54]} Ne5 {[%clk 0:56:24]} 18.
g5 {[%clk 0:41:15]} Qe6 {[%clk 0:48:40]} 19. Re3 {[%clk 0:38:40]} Nxd3+ {[%clk
0:48:49]} 20. Qxd3 {[%clk 0:38:16]} Qxa2 {[%clk 0:49:13]} 21. h5 {[%clk 0:33:10]}
Qa4 {[%clk 0:30:28]} 22. c4 {[%clk 0:17:35]} Qc6 {[%clk 0:25:28]} 23. h6 {[%clk
0:17:16]} Qc7 {[%clk 0:17:20]} 24. Qc3 {[%clk 0:16:31]} f6 {[%clk 0:17:05]} 25.
gxf6 {[%clk 0:14:15]} Rf7 {[%clk 0:16:15]} 26. Rde1 {[%clk 0:06:42]} Bc6 {[%clk
0:13:49]} 27. Qd2 {[%clk 0:02:38]} Rd8 {[%clk 0:12:58]} 28. Qe2 {[%clk 0:01:56]}
Qf4 {[%clk 0:11:18]} 29. Kb1 {[%clk 0:02:19]} Qxf6 {[%clk 0:10:41]} 30. Re6
{[%clk 0:01:18]} Qf3 {[%clk 0:11:08]} 31. Qe5 {[%clk 0:01:29]} Ba4 {[%clk
0:07:15]} 32. Re7 {[%clk 0:00:32]} Rd1+ {[%clk 0:00:57]} 33. Rxd1 {[%clk
0:00:48]} Qxd1+ {[%clk 0:01:25]} 34. Ka2 {[%clk 0:01:17]} Rxe7 {[%clk 0:00:55]}
35. Qxe7 {[%clk 0:01:21]} Qd7 {[%clk 0:01:12]} 36. Qe4 {[%clk 0:01:07]} Bxc2
{[%clk 0:01:08]} 37. Qxc2 {[%clk 0:01:13]} Qd4 {[%clk 0:00:56]} 38. Qe2 {[%clk
0:01:13]} Kf7 {[%clk 0:00:55]} 39. Qf3+ {[%clk 0:01:40]} Ke6 {[%clk 0:00:38]} 40.
Qc6+ {[%clk 0:01:21]} Ke7 {[%clk 0:00:35]} 41. Qc7+ {[%clk 0:01:36]} Kf6 {[%clk
0:00:36]} 42. Qg7+ {[%clk 0:01:44]} Kg5 {[%clk 0:00:56]} 43. Qxh7 {[%clk
0:01:59]} Qxc4+ {[%clk 0:01:21]} 44. Kb1 {[%clk 0:02:13]} Qd3+ {[%clk 0:01:06]}
45. Ka2 {[%clk 0:02:34]} Qa6+ {[%clk 0:00:53]} 46. Kb3 {[%clk 0:02:29]} Qb5+
{[%clk 0:00:49]} 47. Kc2 {[%clk 0:02:49]} Qc4+ {[%clk 0:01:14]} 48. Kd2 {[%clk
0:02:57]} Qd4+ {[%clk 0:01:35]} 49. Kc1 {[%clk 0:02:56]} Qf4+ {[%clk 0:01:17]}
50. Kb1 {[%clk 0:02:13]} Kh5 {[%clk 0:00:54]} 51. Qxa7 {[%clk 0:02:15]} Kxh6
{[%clk 0:01:21]} 52. Qxb6 {[%clk 0:02:18]} Qxf2 {[%clk 0:01:45]} 53. Qd6 {[%clk
0:02:24]} Kh5 {[%clk 0:01:10]} 54. Qe7 {[%clk 0:02:30]} Qf5+ {[%clk 0:00:58]} 55.
Ka2 {[%clk 0:02:40]} g5 {[%clk 0:01:23]} 56. Qe8+ {[%clk 0:02:55]} Kh6 {[%clk
0:01:11]} 57. Qh8+ {[%clk 0:03:01]} Kg6 {[%clk 0:01:14]} 58. Qg8+ {[%clk
0:03:25]} Kh5 {[%clk 0:01:08]} 59. Qh8+ {[%clk 0:03:28]} Kg4 {[%clk 0:01:19]} 60.
Qc3 {[%clk 0:03:51]} Kh4 {[%clk 0:00:49]} 61. Qe1+ {[%clk 0:03:51]} Kh3 {[%clk
0:00:46]} 62. Qe3+ {[%clk 0:04:08]} Kg4 {[%clk 0:00:36]} 63. Qe2+ {[%clk
0:03:59]} Kh4 {[%clk 0:00:39]} 64. Qe1+ {[%clk 0:04:02]} Kh5 {[%clk 0:01:01]} 65.
Qh1+ {[%clk 0:03:31]} Kg6 {[%clk 0:01:22]} 66. Qc6+ {[%clk 0:03:27]} Kg7 {[%clk
0:01:39]} 67. Qg2 {[%clk 0:03:21]} g4 {[%clk 0:01:58]} 68. Qg3 {[%clk 0:02:21]}
Kg6 {[%clk 0:01:30]} 69. Qd6+ {[%clk 0:02:14]} Kg5 {[%clk 0:01:26]} 70. Qe7+
{[%clk 0:02:17]} Kf4 {[%clk 0:01:46]} 71. Qd6+ {[%clk 0:02:08]} Kf3 {[%clk
0:00:46]} 72. Qd1+ {[%clk 0:02:03]} Kg2 {[%clk 0:00:51]} 73. Qe2+ {[%clk
0:02:15]} Kh3 {[%clk 0:01:06]} 74. Qe3+ {[%clk 0:02:05]} g3 {[%clk 0:01:30]} 75.
Qh6+ {[%clk 0:02:17]} Kg4 {[%clk 0:01:29]} 76. Qg7+ {[%clk 0:02:08]} Kf4 {[%clk
0:00:51]} 77. Qh6+ {[%clk 0:01:54]} Kf3 {[%clk 0:01:17]} 78. Qc6+ {[%clk
0:02:09]} Kf2 {[%clk 0:01:41]} 79. Qd6 {[%clk 0:01:34]} g2 {[%clk 0:01:00]} 80.
Qd2+ {[%clk 0:01:40]} Kg3 {[%clk 0:00:39]} 81. Qc3+ {[%clk 0:01:18]} Kh2 {[%clk
0:00:38]} 82. Qh8+ {[%clk 0:01:29]} Kg1 {[%clk 0:00:40]} 83. Qc3 {[%clk 0:01:38]}
Qd5+ {[%clk 0:00:38]} 84. b3 {[%clk 0:01:28]} Qd4 {[%clk 0:00:44]} 85. Qc1+
{[%clk 0:01:37]} Kf2 {[%clk 0:00:52]} 86. Qc2+ {[%clk 0:01:54]} Kf3 {[%clk
0:00:57]} 87. Qf5+ {[%clk 0:02:07]} Ke2 {[%clk 0:01:05]} 88. Qh5+ {[%clk
0:01:49]} Ke1 {[%clk 0:00:41]} 89. Qe8+ {[%clk 0:01:35]} Kd2 {[%clk 0:01:04]} 0-1